National Gallery Catalogues (Record no. 6786)

MARC details
000 -CABECERA
campo de control de longitud fija 01020nam a2200289 a 4500
001 - NÚMERO DE CONTROL
campo de control BRCA_7105
005 - FECHA Y HORA DE LA ÚLTIMA TRANSACCIÓN
campo de control 20190321142931.0
008 - DATOS DE LONGITUD FIJA--INFORMACIÓN GENERAL
campo de control de longitud fija 271211s19451951enk#######---#000-0#eng-#
041 ## - CÓDIGO DE LENGUA
Código de lengua del texto/banda sonora o título independiente eng
044 ## - CÓDIGO DEL PAÍS DE LA ENTIDAD EDITORA/PRODUCTORA
Código MARC del país enk
050 #4 - SIGNATURA TOPOGRÁFICA DE LA BIBLIOTECA DEL CONGRESO
Número de documento/Ítem .N38 1 1945-1951
110 2# - ENTRADA PRINCIPAL--NOMBRE DE ENTIDAD CORPORATIVA
Nombre de entidad corporativa o nombre de jurisdicción como elemento de entrada Davies, Martin
9 (RLIN) 17662
245 10 - MENCIÓN DE TÍTULO
Título National Gallery Catalogues
Mención de responsabilidad, etc. by Martin Davies
260 ## - PUBLICACIÓN, DISTRIBUCIÓN, ETC.
Lugar de publicación, distribución, etc. Londres
Nombre del editor, distribuidor, etc. Trustees
Fecha de publicación, distribución, etc. 1945-1951
300 ## - DESCRIPCIÓN FÍSICA
Extensión 4 v.
Dimensiones 25 cm.
500 ## - NOTA GENERAL
Nota general Inicio de la publicación 1945
500 ## - NOTA GENERAL
Nota general Ver también O189 y O190
500 ## - NOTA GENERAL
Nota general O117
505 0# - NOTA DE CONTENIDO CON FORMATO
Nota de contenido con formato Contenido: v.1. Early Netherlandish school (1946).-- v.2. French school (1946).-- v.3. British school (1946).-- v.4. Earlier Italian schools (1951).
650 14 - PUNTO DE ACCESO ADICIONAL DE MATERIA--TÉRMINO DE MATERIA
Término de materia o nombre geográfico como elemento de entrada Pintura flamenca
Subdivisión de forma Catálogos
9 (RLIN) 12156
650 14 - PUNTO DE ACCESO ADICIONAL DE MATERIA--TÉRMINO DE MATERIA
Término de materia o nombre geográfico como elemento de entrada Pintura francesa
Subdivisión de forma Catálogos
Subdivisión geográfica Inglaterra - Londres
9 (RLIN) 17663
650 14 - PUNTO DE ACCESO ADICIONAL DE MATERIA--TÉRMINO DE MATERIA
Término de materia o nombre geográfico como elemento de entrada Pintura británica
Subdivisión de forma Catálogos
9 (RLIN) 17664
650 14 - PUNTO DE ACCESO ADICIONAL DE MATERIA--TÉRMINO DE MATERIA
Término de materia o nombre geográfico como elemento de entrada Pintura italiana
Subdivisión de forma Catálogos
9 (RLIN) 5084
650 14 - PUNTO DE ACCESO ADICIONAL DE MATERIA--TÉRMINO DE MATERIA
Término de materia o nombre geográfico como elemento de entrada National Gallery (Great Britain)
Subdivisión de forma Catálogos
9 (RLIN) 17665
902 ## - CATALOGADOR
Iniciales GFM
942 ## - ELEMENTOS DE PUNTO DE ACCESO ADICIONAL (KOHA)
Fuente del sistema de clasificación o colocación Library of Congress Classification
Tipo de ítem Koha Libros
Holdings
Estado de retiro Estado de pérdida Estado dañado No para préstamo Localización permanente Ubicación/localización actual Fecha de adquisición Número de inventario Total de préstamos Signatura topográfica completa Código de barras Fecha visto por última vez Precio válido a partir de Tipo de ítem Koha
El ejemplar forma parte de la colección y puede ser consultado según las políticas vigentes.       Biblioteca del Museo Franz Mayer (Rogerio Casas-Alatriste) Biblioteca del Museo Franz Mayer (Rogerio Casas-Alatriste) 28/12/2011 O117   .N38 1 1945-1951 (O117) 7552 22/03/2019 22/03/2019 Libros